000 00306nam a22001337a 4500
008 190225b xxu||||| |||| 00| 0 eng d
020 _a394329791
041 _aeng
080 _a338
100 _a52
101 _aMNG
245 _aNew Introductory Essays in Business Ethics
_cRegan, T
942 _2udc
_cBK
999 _c54186
_d54186